1659 1581 1714 1508 1093 1280 1839 1445 1697 1189 1910 1235 1089 1512 1573 1366 1335 1972 1566 1154 1665 1443 1467 1284 1830 1848 1208 1361 1409 1634 1655 1214 1946 1038 1665 1171 1628 1833 1502 1258 1590 1069 1189 1096 1303 1581 1730 1948 1982 1187 1179 1977 1972 1902 1926 1804 1266 1315 1304 1053 1141 1565 1431 1546 1498 1058 1091 1483 1844 1536 1545 1285 1213 1265 1011 1124 1954 1024 1200 1797 1303 1375 1891 1457 1243 1504 1333 1598 1390 1063 1182 1555 1877 1521 1149 1776 1172 1848 1009 BCNSPRNW ULIB Ver.6.0+V

เปลี่ยนเป็นภาษาไทย

Change to English
 แสดงรายละเอียดบรรณานุกรม
  กลับหน้าหลัก

Brief Record : Get Marc (ISO 2709) : E-mail record : QR code < ปิดหน้าต่าง
LEADER : 00000nam 2200000uu 4500
001    13399127930
003     ULIB
008    211115s2021||||th 000 0 tha d
020    ^a9781975161675
060 04 ^aWY157.3^bR491E
100 1  ^aRicci, Susan Scott
245 10 ^aEssentials of maternity, newborn & women s health nursing/^cSusan Scott Ricci
246 1  ^aEssentials of maternity, newborn, and women s healthnursing
250    ^a5th ed.
260    ^aPhiladelphia :^bWolters Kluwer/Lippincott Williams &Wilkins,^c2021
300    ^axvii, 965 p. :^bcol. ill. ;^c29 cm.
504    ^aIncludes bibliographical references and index.
505 0  ^aPerspectives on maternal, newborn, and women s health care-- Family-centered community-based care -- Anatomy andphysiology of the reproductive system -- Commonreproductive issues -- Sexually transmitted infections --Disorders of the breasts -- Benign disorders of the femalereproductive tract -- Cancers of the female reproductivetract -- Violence and abuse -- Fetal development andgenetics -- Maternal adaptation during pregnancy --Nursing management during pregnancy -- Labor and birthprocess -- Nursing management during labor and birth --Postpartum adaptations -- Nursing management during thepostpartum period -- Newborn transitioning -- Nursingmanagement of the newborn -- Nursing management ofpregnancy at risk : pregnancy-related complications --Nursing management of the pregnancy at risk : selectedhealth conditions and vulnerable populations -- Nursingmanagement of labor and birth at risk -- Nursingmanagement of the postpartum woman at risk -- Nursing careof the newborn with special needs -- Nursing management ofthe newborn at risk : acquired and congenital newbornconditions.
650  0 ^aMaternity nursing
650  0 ^aGynecologic nursing
650  2 ^aMaternal-Child Nursing
650  2 ^aObstetric Nursing
650  2 ^aPregnancy Complications^xnursing
945    ^p2176^l0^i008444
945    ^p3230^l0^i011173
999    ^aประนอม เกษจรัล
รายการนี้ยังไม่มีแท็ก
คุณยังไม่ได้ล็อกอิน คุณสามารถมีกิจกรรมร่วมกับเว็บไซต์ได้ แต่ต้องล็อกอินก่อน ::
  ล็อกอิน

รายการสื่อสารสนเทศ

ลำดับที่ ประเภท เลขเรียก/บาร์โค้ด สถานที่ สถานะ
1. Book การพยาบาล
หนังสือสำรอง
สถานะ=หนังสือสำรอง
WY157.3 R491E ฉ.1 
  Barcode: 008444
ห้องสมุดวิทยาเขตสวรรค์ประชารักษ์
►หนังสือทั่วไป
บนชั้น
2. Book การพยาบาล
Book การพยาบาล
WY157.3 R491E ฉ.2 
  Barcode: 011173
ห้องสมุดวิทยาเขตสวรรค์ประชารักษ์
►หนังสือทั่วไป
บนชั้น

รายการใกล้เคียง
    ผู้แต่ง [Ricci, Susan Scott]

    หัวเรื่อง [Maternity nursing]
    หัวเรื่อง [Gynecologic nursing]
    หัวเรื่อง [Maternal-Child Nursing]
    หัวเรื่อง [Obstetric Nursing]
    หัวเรื่อง [Pregnancy Complications nursing]

BibComment


ยังไม่เคยถูกคอมเมนท์

คอมเมนท์ทรัพยากรรายการนี้
  คอมเมนท์: Essentials of ma..


 Copyright 2026. Bcnsprnw @Library